Catholic University of Zimbabwe Library
Online Public Access Catalogue
(OPAC)

The reconciliation of peoples : (Record no. 5824)

MARC details
000 -LEADER
fixed length control field 00885cam a2200253 a 4500
001 - CONTROL NUMBER
control field 0000006067
005 - DATE AND TIME OF LATEST TRANSACTION
control field 20170406121215.0
008 - FIXED-LENGTH DATA ELEMENTS--GENERAL INFORMATION
fixed length control field 960925s1997 sw b 000 0 eng
010 ## - LIBRARY OF CONGRESS CONTROL NUMBER
LC control number 96045029
020 ## - INTERNATIONAL STANDARD BOOK NUMBER
International Standard Book Number 1570751072 (alk. paper)
035 ## - SYSTEM CONTROL NUMBER
-- (DLC) 96045029
040 ## - CATALOGING SOURCE
Original cataloging agency DLC
Transcribing agency DLC
Modifying agency DLC
050 00 - LIBRARY OF CONGRESS CALL NUMBER
Classification number BT736.4
Item number .R43 1997
082 00 - DEWEY DECIMAL CLASSIFICATION NUMBER
Classification number 261.8/09
Edition number 21
245 04 - TITLE STATEMENT
Title The reconciliation of peoples :
Remainder of title challenge to the churches /
Statement of responsibility, etc. edited by Gregory Baum, Harold Wells.
260 ## - PUBLICATION, DISTRIBUTION, ETC.
Place of publication, distribution, etc. Geneva, Switzerland :
Name of publisher, distributor, etc. WCC Publications ;
Place of publication, distribution, etc. Maryknoll, N.Y. :
Name of publisher, distributor, etc. Orbis Books,
Date of publication, distribution, etc. 1997.
300 ## - PHYSICAL DESCRIPTION
Extent ix, 195 p. ;
Dimensions 24 cm.
504 ## - BIBLIOGRAPHY, ETC. NOTE
Bibliography, etc. note Includes bibliographical references.
650 #0 - SUBJECT ADDED ENTRY--TOPICAL TERM
Topical term or geographic name entry element Reconciliation
General subdivision Religious aspects
-- Christianity.
650 #0 - SUBJECT ADDED ENTRY--TOPICAL TERM
Topical term or geographic name entry element Peace
General subdivision Religious aspects
-- Christianity.
700 1# - ADDED ENTRY--PERSONAL NAME
Personal name Baum, Gregory,
Dates associated with a name 1923-.
700 1# - ADDED ENTRY--PERSONAL NAME
Personal name Wells, Harold.
908 ## - PUT COMMAND PARAMETER (RLIN)
Put command parameter 151112
Holdings
Withdrawn status Lost status Source of classification or shelving scheme Damaged status Not for loan Home library Current library Shelving location Date acquired Total Checkouts Full call number Barcode Date last seen Copy number Price effective from Koha item type
          CUZ Harare Campus CUZ Harare Campus Open Shelf 06.04.2017   BT 736.4 R43 BK0001396 22.05.2025 CU13297 06.04.2017 OS Book

OPENING HOURS

Weekdays: 0815hrs - 1800hrs
Weekends:0900hrs - 1200hrs

Closed for Mass:

Mon, Thur: 1200hrs - 1300hrs
Sunday & Public Holiday’s

CALL SUPPORT

0242-570570, 0242-570169
09200664, +263 8644140602

LOCATION

18443, Cranborne Avenue, Hatfield, Harare

Other Links


©2021 | CUZ Library